Explaining the race gap in satisfaction with urban services (Record no. 61005)

000 -LEADER
fixed length control field 00445pab a2200169 454500
008 - FIXED-LENGTH DATA ELEMENTS--GENERAL INFORMATION
fixed length control field 180718b2004 xxu||||| |||| 00| 0 eng d
100 ## - MAIN ENTRY--PERSONAL NAME
Personal name Ryzin, Gregg G. Van
245 ## - TITLE STATEMENT
Title Explaining the race gap in satisfaction with urban services
260 ## - PUBLICATION, DISTRIBUTION, ETC.
Date of publication, distribution, etc. 2004
300 ## - PHYSICAL DESCRIPTION
Extent p.613-32.
362 ## - DATES OF PUBLICATION AND/OR SEQUENTIAL DESIGNATION
Dates of publication and/or sequential designation May
650 ## - SUBJECT ADDED ENTRY--TOPICAL TERM
Topical term or geographic name entry element Public utilities
700 ## - ADDED ENTRY--PERSONAL NAME
Personal name Immerwahr, Stephen
700 ## - ADDED ENTRY--PERSONAL NAME
Personal name Muzzio, Douglas
773 ## - HOST ITEM ENTRY
Main entry heading Urban Affairs Review
909 ## -
-- 61005
Holdings
Withdrawn status Lost status Damaged status Not for loan Permanent Location Current Location Date acquired Serial Enumeration / chronology Barcode Date last seen Price effective from Koha item type
        Indian Institute of Public Administration Indian Institute of Public Administration 2018-07-19 Volume no: 39, Issue no: 5 AR61451 2018-07-19 2018-07-19 Articles

Powered by Koha